| 000 | 00919nam a2200241Ia 4500 | ||
|---|---|---|---|
| 999 |
_c44303 _d44303 |
||
| 001 | 11061 | ||
| 003 | GE_BSU | ||
| 005 | 20221117115324.0 | ||
| 008 | 181216s2009en xx |||||||||||||| ||eng|| | ||
| 020 | _a9781604568653 x | ||
| 040 | _cGE_BSU | ||
| 041 | _aeng | ||
| 080 | _a027.7 A 18 | ||
| 245 |
_aAcademic Librarianship in the 21st Century / _cCLAVDIA M.GARCIA, AND TERESA A. FLORES, EDITORS. |
||
| 264 |
_aNew York : _bNova Science Publishers, _c2009.XI. |
||
| 300 |
_a109 p.: _bill; _c24 cm. |
||
| 653 | _aAcademic Librarianship in the 21st Century | ||
| 653 | _aაკადემიური ბიბლიოთეკა XXI საუკუნეში | ||
| 653 | _aშემოსულია ტემპუსის პროექტით | ||
| 700 |
_aGARCIA, CLAVDIA M. _eრედაქტორი _915885 |
||
| 700 |
_aFLORES, TERESA A _eრედაქტორი _915886 |
||
| 942 |
_cBK _2udc |
||